000 00566nam a22001697a 4500
003 NUST - PNEC
005 20170116181140.0
008 151008b xxu||||| |||| 00| 0 eng d
020 _a877629439
040 _cLIBRARY
082 _a641.59 CHA
100 _914573
_aChandler, Thomas Bradbury
245 _aWhat think ye of the Congress now Or, An enquiry, how far the Americans are bound to abide by and execute the decisions of, the late Congress?
_cThomas Bradbury,Chandler
260 _cc 1992
650 _914574
_aUnited States
_xGeneral
942 _2ddc
_cBK
999 _c70442
_d70442